00836 a2200181 45000010006000000050017000060080041000230030015000640400040000790800077001192450037001962640024002333000024002575050314002810410008005951000020006037000031006236350220260407155932.0260407a1968 arg spa dAR-UNSa-BCEJYS aAR-UNSa-BCEJYSbspacAR-UNSa-BCEJYS a510.22xTeoría de conjuntos. Aproximación a la teoría de conjuntos10aTeoría axiomatica de conjuntos 1aCali :bNormac1968 avii, 171 p.c26 cm. a1. Introducción - 2. Desarrollos generales - 3. Relaciones y funciones - 4. Equipotencia, conjuntos finitos y números cardinales - 5. Ordinales finitos y conjuntos enumerables - 6. Números racionales y números reales - 7. Inducción transfinita y aritmética ordinal - 8. El axioma de escogencia -  aspa1 aSuppes, Patrick1 aAlfonso Castillo, Hernando